00758nam a2200217 450000500170000001000150001702000270003203500140005903700090007308200140008210000250009624501020012125000090022326000260023227000540025830000200031270000290033294200280036199900190038995201320040820260415122047.0 aENG-148282 a9788197004179c2500.00 aEN-131814 bDBAD 22025a751 aMahammad Isha988914 aAn Illustrated Catalogue Of Oil Paintings In The Collection Of The Asiatic SocietycMahammad Isha a2025 aKolkata bAnant Sinha aThe Asiatic Society 1 Park Street bIndiae700016 a215.pgc7cm(hb) aSomnath Mukherjee988915 2ddccENe2025h751mMAH c215887d215887 001040718NFICaDBADbDBADd2026-04-15eDBADg2500.00l0o751 MAHpEN-131814r2026-04-15 12:21:49t1v2500.00w2026-04-15yEN